Normal view
MARC view
Entry Personal Name
001 - CONTROL NUMBER
- control field: 1184204
003 - CONTROL NUMBER IDENTIFIER
- control field: OSt
005 - DATE AND TIME OF LATEST TRANSACTION
- control field: 20260324131109.0
008 - FIXED-LENGTH DATA ELEMENTS
- fixed length control field: 260324|| aca||aabn | a|a d
040 ## - CATALOGING SOURCE
- Original cataloging agency: OSt
- Transcribing agency: OSt
100 ## - HEADING--PERSONAL NAME
- Personal name: Monica Lanyado; Ann Horne; Bernard Barnett
670 ## - SOURCE DATA FOUND
- Source citation: Work cat.: (OSt)1781067: Monica Lanyado; Ann Horne; Bernard Barnett, A Question of Technique
